00437nam a2200133Ia 45000010005000000080041000050820022000461000089000682450072001572600024002295900007002539010028002609990015002881866241024s9999 xx 000 0 und d aRD/372/R426c/1993 aRepública Dominicana. Secretaría de Estado de Educación, Bellas Artes y Cultos 0aCatalogo General de Centros Docentes 1993. Plan Decenal en Acción bSanto Domingoc2008 asi a30/9/2011 12:20:53 p.m. c8596d8596